Introduction to combinatorial theory / (Record no. 181886)
[ view plain ]
| 000 -LEADER | |
|---|---|
| fixed length control field | 00957 a2200217 4500 |
| 003 - CONTROL NUMBER IDENTIFIER | |
| control field | NUST |
| 005 - DATE AND TIME OF LATEST TRANSACTION | |
| control field | 20221110113728.0 |
| 010 ## - LIBRARY OF CONGRESS CONTROL NUMBER | |
| LC control number | 83017019 |
| 020 ## - INTERNATIONAL STANDARD BOOK NUMBER | |
| International Standard Book Number | 0471896144 : |
| 040 ## - CATALOGING SOURCE | |
| Transcribing agency | Nust |
| 082 00 - DEWEY DECIMAL CLASSIFICATION NUMBER | |
| Classification number | 511.6,BOS |
| 100 1# - MAIN ENTRY--PERSONAL NAME | |
| Personal name | Bose, R. C. |
| 9 (RLIN) | 102485 |
| 245 10 - TITLE STATEMENT | |
| Title | Introduction to combinatorial theory / |
| Statement of responsibility, etc. | R.C. Bose and B. Manvel. |
| 260 ## - PUBLICATION, DISTRIBUTION, ETC. | |
| Place of publication, distribution, etc. | New York : |
| Name of publisher, distributor, etc. | Wiley, |
| Date of publication, distribution, etc. | c1984. |
| 300 ## - PHYSICAL DESCRIPTION | |
| Extent | ix, 237 p. : |
| Other physical details | ill. ; |
| Dimensions | 24 cm. |
| 440 #0 - SERIES STATEMENT/ADDED ENTRY--TITLE | |
| Title | Wiley series in probability and mathematical statistics. |
| 505 ## - FORMATTED CONTENTS NOTE | |
| Formatted contents note | Permutations and Combinations (Page-1),The Binomial Theorem (Page-24),Enumeration (Page-44), Graphs (Page-70),Finite Fields (Page-99),Finite Plane Geometries (Page-119),Orthogonal Latin Squares and Error Correcting Codes (Page-135),Balanced Incomplete Block Designs (Page-155),Problems of Choice (Page-184),Optimization (Page-202). |
| 650 #0 - SUBJECT ADDED ENTRY--TOPICAL TERM | |
| Topical term or geographic name entry element | Combinatorial analysis. |
| 9 (RLIN) | 39110 |
| 700 1# - ADDED ENTRY--PERSONAL NAME | |
| Personal name | Manvel, B. |
| Dates associated with a name | 1943- |
| 9 (RLIN) | 102486 |
| 942 ## - ADDED ENTRY ELEMENTS (KOHA) | |
| Source of classification or shelving scheme | |
| Koha item type | Book |
| Call number prefix | 511.6,BOS |
| Withdrawn status | Lost status | Source of classification or shelving scheme | Damaged status | Not for loan | Permanent Location | Current Location | Shelving location | Date acquired | Full call number | Barcode | Date last seen | Price effective from | Koha item type | Public note |
|---|---|---|---|---|---|---|---|---|---|---|---|---|---|---|
| Military College of Signals (MCS) | Military College of Signals (MCS) | General Stacks | 12/12/2016 | 511.6,BOS | MCS26453 | 12/08/2016 | 12/12/2016 | Book | Almirah No.10, Shelf No.5 |
